Normal view
MARC view
- الشعر العربي - تحليل ونقد - الأندلس
Entry Topical Term
001 - CONTROL NUMBER
- control field: 33609
003 - CONTROL NUMBER IDENTIFIER
- control field: JO-AjAnu
005 - DATE AND TIME OF LATEST TRANSACTION
- control field: 20230606075634.0
008 - FIXED-LENGTH DATA ELEMENTS
- fixed length control field: 230606|| aca||aabn | a|a d
040 ## - CATALOGING SOURCE
- Original cataloging agency: JO-AjAnu
- Transcribing agency: JO-AjAnu
150 ## - HEADING--TOPICAL TERM
- Topical term or geographic name entry element: الشعر العربي - تحليل ونقد - الأندلس
670 ## - SOURCE DATA FOUND
- Source citation: Work cat.: (JO-AjAnu)17265: تأليف المعروف،أبي سعيد عثمان بن سعيد الكناني الجياني ؛ جمع وتقديم وتحقيق صلاح جرار, author 33608, نصوص من كتاب طبقات الشعراء بالأندلس